MVP All Star Game NBA depuis 2000 - Statistiques

Statistiques générales
  • Ce quiz a été pris 13 fois
  • Le résultat moyen est 4 sur 29
Statistiques - réponses
Année MVP All Star Game % Correct
2026 Anthony Edwards
91%
2025 Stephen Curry
64%
2022 Stephen Curry
45%
2018 Lebron James
36%
2024 Damian Lillard
27%
2021 Giannis Antetokounmpo
27%
2020 Kawhi Leonard
27%
2019 Kevin Durant
27%
2015 Russell Westbrook
18%
2001 Allen Iverson
9%
2023 Jayson Tatum
9%
2012 Kevin Durant
9%
2007 Kobe Bryant
9%
2002 Kobe Bryant
9%
2008 Lebron James
9%
2006 Lebron James
9%
2016 Russell Westbrook
9%
2005 Allen Iverson
0%
2017 Anthony Davis
0%
2013 Chris Paul
0%
2010 Dwyane Wade
0%
2003 Kevin Garnett
0%
2011 Kobe Bryant
0%
2009 (co-MVP) Kobe Bryant
0%
2014 Kyrie Irving
0%
2009 (co-MVP Shaquille O'neal
0%
2004 Shaquille O'neal
0%
2000 (co-MVP) Shaquille O'neal
0%
2000 (co-MVP) Tim Duncan
0%
Aucun quiz correspondant
Distribution des résultats
% des personnes avec chaque résultat
Percentile par nombre de réponses
Votre historique - résultats
Vous n’avez pas pris ce quiz